<?xml version="1.0" encoding="UTF-8"?><?xml-stylesheet type="text/xsl" href="static/style.xsl"?><OAI-PMH xmlns="http://www.openarchives.org/OAI/2.0/" xmlns:xsi="http://www.w3.org/2001/XMLSchema-instance" xsi:schemaLocation="http://www.openarchives.org/OAI/2.0/ http://www.openarchives.org/OAI/2.0/OAI-PMH.xsd"><responseDate>2026-06-01T14:49:23Z</responseDate><request verb="GetRecord" identifier="oai:riuma.uma.es:10630/44664" metadataPrefix="marc">https://riuma.uma.es/rest/oai/request</request><GetRecord><record><header><identifier>oai:riuma.uma.es:10630/44664</identifier><datestamp>2026-02-03T11:17:08Z</datestamp><setSpec>com_10630_2254</setSpec><setSpec>col_10630_37953</setSpec></header><metadata><record xmlns="http://www.loc.gov/MARC21/slim" xmlns:dcterms="http://purl.org/dc/terms/" xmlns:doc="http://www.lyncode.com/xoai" xmlns:xsi="http://www.w3.org/2001/XMLSchema-instance" xsi:schemaLocation="http://www.loc.gov/MARC21/slim http://www.loc.gov/standards/marcxml/schema/MARC21slim.xsd">
   <leader>00925njm 22002777a 4500</leader>
   <datafield ind2=" " ind1=" " tag="042">
      <subfield code="a">dc</subfield>
   </datafield>
   <datafield ind2=" " ind1=" " tag="720">
      <subfield code="a">Perotti, María Florencia</subfield>
      <subfield code="e">author</subfield>
   </datafield>
   <datafield ind2=" " ind1=" " tag="720">
      <subfield code="a">Ariel, Federico D</subfield>
      <subfield code="e">author</subfield>
   </datafield>
   <datafield ind2=" " ind1=" " tag="720">
      <subfield code="a">Chan, Raquel Lía</subfield>
      <subfield code="e">author</subfield>
   </datafield>
   <datafield ind2=" " ind1=" " tag="260">
      <subfield code="c">2020-04-20</subfield>
   </datafield>
   <datafield ind2=" " ind1=" " tag="520">
      <subfield code="a">Root architecture depends on the development of the main root and also on the number and density of lateral roots. Most molecular knowledge about the development of lateral roots was acquired studying primary roots, and it was implied that high order roots follow the same pattern. Recently, we informed that AtHB23 is differentially regulated in primary and secondary roots. Here we show that LBD16, a target of AtHB23, also is differentially regulated; it is expressed in the tip of secondary and tertiary roots but not in primary ones. Moreover, the key hormone auxin exhibits a different distribution pattern in secondary and tertiary roots, according to the reporter DR5. Finally, we show that in Col 0 and Ler ecotypes development of secondary and tertiary roots exhibits significant variations. Altogether, we can conclude that different genetic programs govern secondary and tertiary roots development and such processes are dependent on the Arabidopsis genotype.</subfield>
   </datafield>
   <datafield ind1="8" ind2=" " tag="024">
      <subfield code="a">Perotti, M. F., Ariel, F. D., &amp; Chan, R. L. (2020). Lateral root development differs between main and secondary roots and depends on the ecotype. Plant Signaling &amp;amp; Behavior, 15(6).</subfield>
   </datafield>
   <datafield ind1="8" ind2=" " tag="024">
      <subfield code="a">https://hdl.handle.net/10630/44664</subfield>
   </datafield>
   <datafield ind1="8" ind2=" " tag="024">
      <subfield code="a">https://doi.org/10.1080/15592324.2020.1755504</subfield>
   </datafield>
   <datafield tag="653" ind2=" " ind1=" ">
      <subfield code="a">Raíces (Botánica) - Fisiología</subfield>
   </datafield>
   <datafield ind2="0" ind1="0" tag="245">
      <subfield code="a">Lateral root development differs between main and secondary roots and depends on the ecotype</subfield>
   </datafield>
</record>
</metadata></record></GetRecord></OAI-PMH>